Zdokonaľovanie hmotného bilancovania a prerokúvanie dodávateľsko-odberateľských vzťahov v plánovacom procese v podmienkach š.p. kombinát ZŤS Martin záverečná práca postgraduálneho štúdia

Gespeichert in:
Bibliographische Detailangaben
1. Verfasser: Miškovská, Jana
Körperschaft: Vysoká škola ekonomická v Bratislave
Weitere Verfasser: Horecká, Katarína
Format: Buch
Sprache:Slowakisch
Veröffentlicht: Bratislava 1990
Tags: Tag hinzufügen
Keine Tags, Fügen Sie das erste Tag hinzu!

MARC

LEADER 00000nam a2200000 4500
001 c040283
005 20260108100907.0
041 0 |a slo 
044 |a SK 
245 1 0 |a Zdokonaľovanie hmotného bilancovania a prerokúvanie dodávateľsko-odberateľských vzťahov v plánovacom procese v podmienkach š.p. kombinát ZŤS Martin  |b záverečná práca postgraduálneho štúdia  |c Jana Miškovská ; Ved. práce Katarína Horecká 
264 1 |a Bratislava  |c 1990 
300 |a 57 s. 
100 1 |a Miškovská, Jana 
700 1 |a Horecká, Katarína 
710 2 |a Vysoká škola ekonomická v Bratislave